Sports Quiz

Random Sports or NFL Quiz
Score 0/98 Timer 10:00
0 Plays Today
College (Pos.) Player % Correct
Pittsburgh (DT)Aaron Donald
89.5%
Auburn (OT)Greg Robinson
84.2%
Auburn (RB)Tre Mason
84.2%
Georgia (LB)Alec Ogletree
84.2%
West Virginia (WR)Tavon Austin
81.6%
Oklahoma (QB)Sam Bradford
78.9%
Virginia (DE)Chris Long
78.9%
LSU (DT)Michael Brockers
76.3%
UNC (DE)Robert Quinn
76.3%
West Virginia (WR)Stedman Bailey
73.7%
Vanderbilt (RB)Zac Stacy
73.7%
Montana (CB)Trumaine Johnson
73.7%
Alabama (DB)Marquis Johnson
73.7%
Missouri (DE)Michael Sam
71.1%
Florida St. (CB)Lamarcus Joyner
71.1%
USC (S)T.J. McDonald
71.1%
North Alabama (CB)Janoris Jenkins
71.1%
Baylor (OT)Jason Smith
71.1%
Missouri (CB)E.J. Gaines
68.4%
Appalachian St. (WR)Brian Quick
68.4%
Cincinnati (RB)Isaiah Pead
68.4%
Arkansas (DT)Keith Jackson
68.4%
Oregon St. (RB)Steven Jackson
68.4%
Missouri Western (K)Greg Zuerlein
65.8%
Wisconsin (TE)Lance Kendricks
63.2%
Indiana (OT)Rodger Saffold
63.2%
Louisiana-Lafayette (DE)Hall Davis
63.2%
Utah St. (S)Mo Alexander
60.5%
Alabama (OG)Barrett Jones
60.5%
Boise St. (WR)Austin Pettis
57.9%
Ohio St. (LB)James Laurinaitis
57.9%
Clemson (CB)Tye Hill
57.9%
Wake Forest (WR)Chris Givens
52.6%
College (Pos.) Player % Correct
Hawaii (LB)Aaron Brown
52.6%
Hawaii (WR)Greg Salas
52.6%
Harvard (QB)Ryan Fitzpatrick
52.6%
Stephen F. Austin (LB)Jabara Williams
50%
Houston (WR)Donnie Avery
50%
Nebraska (DE)Adam Carriker
50%
Southern Mississippi (QB)Garrett Gilbert
44.7%
Illinois (TE)Mike Hoomanawanui
42.1%
Florida St. (OT)Alex Barron
42.1%
Cincinnati (WR)Mardy Gilyard
39.5%
Rutgers (RB)Brian Leonard
39.5%
Tennessee St. (C)Demetrius Rhaney
36.8%
USC (TE)Dominique Byrd
36.8%
Stanford (S)Oshiomogho Atogwe
36.8%
Ohio St. (DB)C.B. Bryant
34.2%
Colorado (TE)Joe Klopfenstein
34.2%
Miami (FL) (CB)Brandon McGee
31.6%
South Carolina (OG)Rokevius Watkins
31.6%
Abilene Christian (RB)Daryl Richardson
31.6%
West Texas A&M (DE)Eugene Sims
31.6%
Penn St. (LB)Josh Hull
31.6%
Iowa (CB)Bradley Fletcher
31.6%
West Texas A&M (QB)Keith Null
31.6%
Michigan St. (QB)Jeff Smoker
28.9%
South Florida (CB)Jerome Murphy
26.3%
South Florida (DE)George Selvie
26.3%
Toledo (OT)John Greco
26.3%
Kentucky (WR)Keenan Burton
26.3%
Idaho (LB)David Vobora
26.3%
Howard (CB)Ron Bartell
26.3%
Portland St. (OT)Mitchell Van Dyk
23.7%
Clemson (DT)Dorell Scott
23.7%
Penn St (CB)Justin King
23.7%
College (Pos.) Player % Correct
Ball St. (P)Reggie Hodges
23.7%
Ohio St. (DB)Jermale Hines
21.1%
Baylor (DB)Mikail Baker
21.1%
Oklahoma (DB)Jonathan Nelson
21.1%
Houston (TE)Fendi Onobun
21.1%
UNC (WR)Brooks Foster
21.1%
Texas (RB)Chris Ogbonnaya
21.1%
Tulsa (LB)Chris Chamberlain
21.1%
Tennessee (CB)Jonathan Wade
21.1%
Minnesota (OG)Mark Setterstrom
21.1%
Oregon St (OG)Roy Schuening
18.4%
Michigan (DT)Clifton Ryan
18.4%
Georgia (OT)Ken Shackleford
18.4%
Winsconsin-Whitewater (WR)Derek Stanley
18.4%
Virginia (WR)Marques Hagans
18.4%
Nebraska (OG)Richie Incognito
18.4%
UNC (FB)Madison Hedgecock
18.4%
Georgia Tech (DE)Anthony Hargrove
18.4%
Clemson (C)Dustin Fry
15.8%
Notre Dame (TE)Jerome Collins
15.8%
Indiana (DE)Victor Adeyanju
13.2%
Missouri (OG)Tony Palmer
13.2%
Florida St. (DB)Jerome Carter
10.5%
UCLA (LB)Brandon Chillar
7.9%
Northwestern (LB)Tim McGarigle
5.3%
Louisiana St. (DT)Claude Wroten
2.6%
Stanford (LB)Jon Alston
2.6%
New Mexico (OG)Claude Terrell
2.6%
Ball St. (WR)Dante Ridgeway
0%
Arizona St. (DB)Jason Shivers
0%
Iowa (TE)Erik Jensen
0%
Eastern Kentucky (OT)Larry Turner
0%
Remove Ads.
Support Sporcle.
Get the best of Sporcle when you Go Orange. This ad-free experience offers more features, more stats, and more fun while also helping to support Sporcle. Thank you for becoming a member.

You're not logged in!

Compare scores with friends on all Sporcle quizzes.
OR
Log In

Show Comments

Extras

Top Quizzes Today


Score Distribution

Your Account Isn't Verified!

In order to create a playlist on Sporcle, you need to verify the email address you used during registration. Go to your Sporcle Settings to finish the process.

Report this User

Report this user for behavior that violates our Community Guidelines.

Details: